Pekín - Shanghai / (Record no. 1187)

MARC details
000 -LEADER
campo de control de longitud fija 01030nam a22002417a 4500
008 - DATOS DE LONGITUD FIJA--INFORMACIÓN GENERAL
campo de control de longitud fija 170513s2002 sp||||| |||| 00| 0 spa d
020 ## - NÚMERO INTERNACIONAL ESTÁNDAR DEL LIBRO
Número Internacional Estándar del Libro 8495938081
082 04 - NÚMERO DE LA CLASIFICACIÓN DECIMAL DEWEY
Número de clasificación 708
Número de ítem P896p
100 1# - ENTRADA PRINCIPAL--NOMBRE DE PERSONA
Nombre de persona Prado, Chema.
9 (RLIN) 5794
245 10 - MENCIÓN DEL TÍTULO
Título Pekín - Shanghai /
Mención de responsabilidad, etc. Chema Prado ; texto por Antonio Zaya.
250 ## - MENCION DE EDICION
Mención de edición 1a ed.
260 ## - PUBLICACIÓN, DISTRIBUCIÓN, ETC.
Lugar de publicación, distribución, etc. Lanzarote, España :
Nombre del editor, distribuidor, etc. Sala de Exposiciones Los Aljibes,
Fecha de publicación, distribución, etc. 2002.
300 ## - DESCRIPCIÓN FÍSICA
Extensión 53 p.
Otras características físicas il. col.
500 ## - NOTA GENERAL
Nota general Catálogo publicado con motivo a la exposición "Pekín - Shanghai", presentada durante el 2002 en: -Sala Los Aljibes en mayo -Casa de Colón durante junio y julio -Molino de Antigua en agosto -Casa Salazar en Octubre -Centro de Fotografía Isla de Tenerife durante noviembre y diciembre.
505 0# - NOTA DE CONTENIDO CON FORMATO
Título China está cerca
-- China is closer
-- China ist nah
653 10 - TÉRMINO DE INDIZACIÓN--NO CONTROLADO
Término no controlado Arte contemporáneo
653 10 - TÉRMINO DE INDIZACIÓN--NO CONTROLADO
Término no controlado Catálogo de exhibición
653 10 - TÉRMINO DE INDIZACIÓN--NO CONTROLADO
Término no controlado Exhibición itinerante
653 10 - TÉRMINO DE INDIZACIÓN--NO CONTROLADO
Término no controlado Fotografía
653 10 - TÉRMINO DE INDIZACIÓN--NO CONTROLADO
Término no controlado Arte - España
653 10 - TÉRMINO DE INDIZACIÓN--NO CONTROLADO
Término no controlado Fotógrafos - España
700 1# - ENTRADA AGREGADA--NOMBRE PERSONAL
Nombre de persona Zaya, Antonio.
9 (RLIN) 5799
Holdings
Estatus retirado Estado de pérdida Fuente del sistema de clasificación o colocación Estado de daño No para préstamo Biblioteca de origen Biblioteca actual Ubicación en estantería Fecha de adquisición Total de préstamos Signatura topográfica completa Código de barras Visto por última vez Precio de reemplazo Tipo de ítem Koha
    Clasificación Decimal Dewey     Biblioteca LadoV Biblioteca LadoV   13/05/2017   708 P896p 000970 13/05/2017 13/05/2017 Material 01